000 01053nam a2200265Ia 4500
003 OSt
005 20221005112212.0
006 a|||||r|||| 00| 0
007 ta
008 221004b |||||||| |||| 00| 0 pan d
020 _a9788171436309 (hbk)
_c150
024 _a26399
037 _b1025, 16/03/2016, H.K. Prakashan
_cTextual
040 _aCRL
_cCRL
_bpan
041 _2pan
_apan
082 _aO153,2NMO,QU, Q5
100 _aਮੁਹੰਮਦ, ਮੇਜਰ ਇਸਹਾਕ
245 0 _aਕੁਕਨੁਸ
_b ਪਾਠ ਤੇ ਵਿFਲੇFਣ
260 _aਅੰਮ੍ਰਿਤਸਰ
_bਰਵੀ ਸਾਹਿਤ ਪੰਕਾFਨ ਭਾਰਤ
_c2015
300 _a119ਪੰ
_ccm.
650 _aਪੰਜਾਬੀ ਸਾਹਿਤ
700 _a ਮੀFਾ, ਪਰਮਜੀਤ ਸਿੰਘ, ਥਦ.
_9159513
942 _hO153,2NMO,QU, Q5
_cTEXL
_2cc
999 _c1024173
_d1024173